| 000 | 00617nam a22002057a 4500 | ||
|---|---|---|---|
| 005 | 20250327122920.0 | ||
| 008 | 250319b ||||| |||| 00| 0 spa d | ||
| 020 | _a84-206-1547-1 | ||
| 082 | 1 | 4 |
_214 _a947.08 |
| 100 | 1 |
_921424 _aAvrich, Paul |
|
| 245 | 1 | 4 |
_aLos anarquistas rusos / _cPaul Avrich |
| 260 |
_aMadrid: _bAliaza, _c1974 |
||
| 300 | _a330 p. | ||
| 440 |
_918927 _aEl Libro de Bolsillo _n547 |
||
| 650 | 2 | 7 |
_91846 _aIMPERIALISMO _2unescot |
| 650 | 2 | 7 |
_93127 _aANARQUISMO _2unescot |
| 651 | 2 | 7 |
_2unescot _93591 _aRUSIA |
| 942 |
_2ddc _cLIBRO |
||
| 980 |
_619226 _a Palazón Marcela I. _8479 _gSOFIA RAMOFF |
||
| 999 |
_c10870 _d10870 |
||